Library Banner

Maqamat i salook = مقامات سلوک / (Record no. 136467)

MARC details
000 -LEADER
fixed length control field 00612nam a2200157 4500
005 - DATE AND TIME OF LATEST TRANSACTION
control field 20250103092633.0
008 - FIXED-LENGTH DATA ELEMENTS--GENERAL INFORMATION
fixed length control field 250103b |||||||| |||| 00| 0 eng d
040 ## - CATALOGING SOURCE
Transcribing agency PK-LaUMT
082 ## - DEWEY DECIMAL CLASSIFICATION NUMBER
Classification number APC 297.4
Item number ABD-M
100 ## - MAIN ENTRY--PERSONAL NAME
Personal name Abdul Rehman Umaira, Muhammad = عبدالرحمن عمیرہ، محمد
245 ## - TITLE STATEMENT
Title Maqamat i salook = مقامات سلوک /
Statement of responsibility, etc by Muhammad Abdul Rehman Umaira = محمد عبدالرحمن عمیرہ ; translated by Muhammad Akram = محمد اکرم الازہری
260 ## - PUBLICATION, DISTRIBUTION, ETC. (IMPRINT)
Place of publication, distribution, etc Lahore :
Name of publisher, distributor, etc Zkia ul Quran Publications,
Date of publication, distribution, etc NA
300 ## - PHYSICAL DESCRIPTION
Extent 151 p.
546 ## - LANGUAGE NOTE
Language note Urdu
942 ## - ADDED ENTRY ELEMENTS (KOHA)
Koha item type Books
Holdings
Withdrawn status Lost status Damaged status Home library Current library Date acquired Full call number Barcode Date last seen Price effective from Koha item type
      UMT Main Campus UMT Main Campus 2025-01-03 APC 297.4 ABD-M 148159 2025-01-03 2025-01-03 Books